La vida en México en el siglo XX : Y vino el remolino : 1910-1914 /

Colección que presenta un panorama sintético de la historia política, social y, en menor medida, económica de México en el siglo XX, formado por la serie de cortometrajes documentales de montaje 18 lustros de la vida en México en este siglo (1990-1993) y el mediometraje La última década del siglo ve...

وصف كامل

محفوظ في:
التفاصيل البيبلوغرافية
المؤلف الرئيسي: Trujillo Bolio, Iván (idea original)
مؤلفون آخرون: Patiño, Eduardo (producción ejecutiva) (producción ejecutiva), González Casanova, Manuel (realización) (realización), González Casanova, Manuel (guión) (guión), Macedo, Gilberto (montaje) (montaje), Sobreira, Luis (montaje) (montaje), Stack, Juan (conducción) (conducción), Glockner, Napoleón (conducción) (conducción), Castillo, Margarita (conducción) (conducción), Barbachano Ponce, Miguel (realización) (realización), Orduña, Fernando (guión) (guión), Pliego, Julio (fotógrafo) (fotógrafo), Cruz, Carlos (fotógrafo) (fotógrafo)
التنسيق: شريحة
اللغة:الإسبانية
منشور في: México : UNAM, Dirección General de Actividades Cinematográficas, 1990, c1990
سلاسل:(Clásicos del Documental)
(La Vida en México en el Siglo XX ; 2)
الموضوعات:
الوسوم: إضافة وسم
لا توجد وسوم, كن أول من يضع وسما على هذه التسجيلة!

MARC

LEADER 00000ngm^a2200000^a^4500
001 000186892
005 20250521000000.0
009 20260310102240.486
037 |a Acervo ITESO - Biblioteca 
041 |a ESP 
082 |a 972. 06  |b DIE V. 2 
100 |a Trujillo Bolio, Iván  |e (idea original) 
240 1 1 |a [Dieciocho lustros de la vida en México en este siglo] 
240 1 1 |a [Dieciocho lustros de la vida en México en este siglo: Y vino el remolino: 1910-1914] 
240 1 1 |a [Dieciocho lustros de la vida en México en este siglo: Se está volviendo gobierno: 1915-1919] 
240 1 4 |a [La vida en México en el siglo XX] 
245 1 3 |a La vida en México en el siglo XX :  |b Y vino el remolino : 1910-1914 /  |c Idea original y diseño de la serie de I. Trujillo Bolio ; prod. ejecutiva de E. Patiño ; realización de M. González Casanova. 
246 2 |a Título en la cubierta: La vida en México en el siglo XX: Y vino el remolino: 1911-1915 
246 2 |a Título en la cubierta: La vida en México en el siglo XX: Se está volviendo gobierno: 1916-1920 
264 4 |a México :  |b UNAM, Dirección General de Actividades Cinematográficas,  |c 1990, c1990 
264 2 |a México :  |b Eurolatinoamericana [distribución],  |c 2005, c2005 
300 |a 1 DVD sin dato de región  |c (26, 24 min.) 
336 |a imagen móvil bidimensional  |b tdi  |2 rdacontenido 
337 |a video  |b v  |2 rdamedio 
338 |a videodisco  |b vd  |2 rdasoporte 
440 1 |a (Clásicos del Documental) 
440 4 |a (La Vida en México en el Siglo XX ;  |v 2) 
520 |a Colección que presenta un panorama sintético de la historia política, social y, en menor medida, económica de México en el siglo XX, formado por la serie de cortometrajes documentales de montaje 18 lustros de la vida en México en este siglo (1990-1993) y el mediometraje La última década del siglo veinte, producido en 2000 como complemento de este proyecto historiográfico. Esta presentación en DVD, bautizada con el título agrupador La vida en México en el siglo XX, la forman diez discos: los nueve primeros contienen, cada uno, dos de los cortometrajes de 18 lustros y el décimo el trabajo correspondiente al decenio 1990-1999. 
520 |a Los sucesos descritos en Y vino el remolino (1910-1914) se encuadran entre la ostentosa celebración de los festejos por el centenario de la Independencia, en las postrimerías de la dictadura porfirista que había disfrazado de modernización la venta del país y las desigualdades entre sus habitantes, y la Convención de Aguascalientes. En el transcurso del lustro, Francisco I. Madero encabeza el estallido de la Revolución Mexicana en 1910 y asume la presidencia del país al año siguiente, pero Emiliano Zapata proclama el Plan de Ayala en contra del gobierno maderista; en 1913, Victoriano Huerta lidera el golpe de Estado que origina el asesinato de Madero y el vicepresidente Pino Suárez y un año más tarde, la marina norteamericana invade Veracruz, por lo que el movimiento armado se extiende por todo el país y sus fuerzas buscan reagruparse para enfrentar el gobierno usurpador. El recorrido histórico prosigue con Se está volviendo gobierno (1915-1919) y las luchas internas por el poder político en el seno de la Revolución, colmadas de reuniones, convenciones y acuerdos incumplidos, de las que sale avante el proyecto de promulgación de la Constitución de 1917 y el grupo encabezado por Venustiano Carranza para asumir el mando del país, en un período durante el cual también el cine mexicano experimenta importantes transformaciones. 
649 |a XX 
650 |a Documentales 
650 |a Cortometrajes y Mediometrajes Mexicanos 
650 |a Cine Mexicano -  |y 1910-1919 
650 |a Cine Mexicano -  |y 1990-1999 
650 |a Cine Mexicano -  |y Siglo XX 
650 |a Cine Mexicano -  |x Historia y Crítica 
650 |a Historia Social -  |z México 
650 |a Política -  |z México -  |x Historia -  |y Revolución Maderista, 1910-1911 
650 |a Política -  |z México -  |x Historia -  |y Régimen Maderista, 1911-1913 
650 |a Política -  |z México -  |x Historia -  |y Régimen Huertista, 1913-1914 
650 |a Política -  |z México -  |x Historia -  |y Régimen Convencionalista, 1914-1915 
650 |a Política -  |z México -  |x Historia -  |y Revolución Carrancista y Constitucionalista, 1913-1917 
650 |a Política -  |z México -  |x Historia -  |y Revolución Villista, 1914-1920 
650 |a Política -  |z México -  |x Historia -  |y Revolución, 1910-1917 
650 |a Política -  |z México -  |x Historia -  |y Régimen Carrancista, 1917-1920 
650 |a Política -  |z México -  |x Historia -  |y Siglo XX 
650 |a México -  |x Historia -  |y Revolución Maderista, 1910-1911 
650 |a México -  |x Historia -  |y Régimen Maderista, 1911-1913 
650 |a México -  |x Historia -  |y Régimen Huertista, 1913-1914 
650 |a México -  |x Historia -  |y Régimen Convencionalista, 1914-1915 
650 |a México -  |x Historia -  |y Revolución Carrancista y Constitucionalista, 1913-1917 
650 |a México -  |x Historia -  |y Revolución Villista, 1914-1920 
650 |a México -  |x Historia -  |y Revolución, 1910-1917 
650 |a México -  |x Historia -  |y Régimen Carrancista, 1917-1920 
650 |a México -  |x Historia -  |y 1910-1919 
650 |a México -  |x Historia -  |y Siglo XX 
740 3 |a La vida en México en el siglo XX :  |b Se está volviendo gobierno : 1915-1919 /  |c Idea original y diseño de la serie de I. Trujillo Bolio ; prod. ejecutiva de E. Patiño ; realización de M. Barbachano Ponce. 
700 |a Patiño, Eduardo  |e (producción ejecutiva) 
700 |a González Casanova, Manuel  |e (realización) 
700 |a González Casanova, Manuel  |e (guión) 
700 |a Macedo, Gilberto  |e (montaje) 
700 |a Sobreira, Luis  |e (montaje) 
700 |a Stack, Juan  |e (conducción) 
700 |a Glockner, Napoleón  |e (conducción) 
700 |a Castillo, Margarita  |e (conducción) 
700 |a Barbachano Ponce, Miguel  |e (realización) 
700 |a Orduña, Fernando  |e (guión) 
700 |a Pliego, Julio  |e (fotógrafo) 
700 |a Cruz, Carlos  |e (fotógrafo) 
910 |a Fondo General 
920 |a Audiovisuales - DVDs 
940 |a Películas 
905 |a 302 
901 |a 0500123928  |b IT2  |c DVS  |u 20250521 
902 |a https://opac.biblio.iteso.mx/vufind/Record/000186892